Celebrity Book Subtitles Quiz Stats

 Plays Quiz not verified by Sporcle

Support Sporcle.
Go Orange.
Score 0/24 Timer 07:00
0 Plays Today
Book Title Celebrity % Correct
Is That A Baby I'm Holding Over My Balcony?Michael Jackson
91.1%
The Reason We're Down To 'One And A Half Men'Charlie Sheen
90.3%
He's Fired! No, Just Kidding . . . He's Rich!Donald Trump
87.9%
Change We Can Believe In?Barack Obama
83.9%
Punker Gets Punk'dAshton Kutcher
83.1%
'I am not a crook.'Richard Nixon
80.6%
One Day He's Jesus, The Next Day He's Anti-SemiticMel Gibson
78.2%
When Pop Divas Go BaldBritney Spears
75%
A Smashed Car, Sex Rehab, and a Horde of Angry MistressesTiger Woods
75%
Ten Years of French Rule and Hand in CoatNapoleon Bonaparte
73.4%
The DogfighterMichael Vick
72.6%
Death by Radioactive Isotope Exposure: Brilliant Woman, Not-So-Brilliant DeathMarie Curie
70.2%
Book Title Celebrity % Correct
Gay and Proud, but 'Out of Sync'Lance Bass
68.5%
How An Axe-Related Mistake Led to Cherries for a MonthGeorge Washington
68.5%
. . . and the Malawian AdoptionMadonna
65.3%
. . . and The Cell Phone Image Jenn Should Have Kept To HerselfBrett Favre
40.3%
From a Party of Five to Axe Murderers and WitchcraftNeve Campbell
40.3%
And That's The Way It Is . . .Walter Cronkite
34.7%
The Next Shakespeare: Who Could Refudiate That?Sarah Palin
29%
Why You Can't Fool All of the People All of the TimeAbraham Lincoln
28.2%
Yum-O!Rachael Ray
27.4%
Why Pauler and I Are NOT An ItemSimon Cowell
25%
The Only Oscar Winner Named OscarOscar Hammerstein II
18.5%
'God helps those who help themselves.'Benjamin Franklin
13.7%

You're not logged in!

Compare scores with friends on all Sporcle quizzes.
OR
Log In

From the Vault

Stop Arguing! You Are Both Right.

by gazzso

When it comes to arguing, say what you mean, but don't say it mean.
Remove Ads.
Support Sporcle.
Get the best of Sporcle when you Go Orange. This ad-free experience offers more features, more stats, and more fun while also helping to support Sporcle. Thank you for becoming a member.

Show Comments

Extras

Top Quizzes Today


Score Distribution

Your Account Isn't Verified!

In order to create a playlist on Sporcle, you need to verify the email address you used during registration. Go to your Sporcle Settings to finish the process.

Report this User

Report this user for behavior that violates our Community Guidelines.

Details: